00592pab a2200181 454500008004000000100002300040245012200063260000900185300001500194362001400209650001000223700002100233773001700254908000600271909001000277999001700287952010600304180718b2011 xxu||||| |||| 00| 0 eng d aKhan, C.G. Hussain aAge at menopause: Differentials and perceptions of women findings from an ethnographic study in rural North Karnataka c2011 ap.497-516. aJul - Dec aWomen aHallad, Jyoti S. aMan in India aN a96137 c96137d96137 00104070aIIPAbIIPAd2018-07-19hVolume no: 91, Issue no: 3-4pAR96597r2018-07-19w2018-07-19yAR